000 00697nam a2200241 a 4500
008
020 _a087434607X (pbk.)
049 _aMAIN
090 _aQE28.2
_bHOF
100 1 _aHoffer, Robin L.
245 1 0 _aPhysical geology /
_cRobin L. Hoffer.
260 _aSpringhouse, Pa. :
_bSpringhouse Corp. ,
_cc1995.
300 _aviii, 151 p. :
_bill. ;
_c23 cm.
440 0 _aApplied science review.
504 _aIncludes bibliographical references.
500 _aIncludes index.
650 0 _aPhysical geology.
907 _a.b10001037
_b26-06-09
_c17-04-03
003
005 20230123134331.0
040 _cNUST
942 _cBOOKS
_kQE28.2
_mHOF
999 _c164089
_d164089